000
00456nam a2200157Ia 4500
008
100122s9999 xx 000 0 und d
082
_b
13235
_a
823
100
_a
खांडेकर वि स
245
_a
जळलेला मोहर
250
_a
2
260
_b
देशमुख आणि कंपनी
_c
1962
300
_a
219
630
_a
जळलेला मोहर
730
_a
जळलेला मोहर
942
_c
BOOK
999
_c
404096
_d
404093